000 00539nam a2200157 a 4500
008 120416s1967 ||||||||||||||||| || u
050 _aNA 3010 Ent
100 _aGatz, T
245 1 0 _aEntrances and staircases
_cedited by H.J. Meier-Menzel
260 _aLondon
_bIliffe Books
_c1967
300 _a119p.
350 _a0.00
700 _aMeier-Menzel, H. J
700 _aHalmburger, K
995 _D0.00
_FCBU-MAIN LIBRARY (Kitwe)
_H1
_I2.50
_UAVAILABLE
_ZAnnex Low-Usage Collection
999 _c42109
_d42109